[Event "DEM U10 2025"]
[Site "Willingen GER"]
[Date "2025.06.12"]
[Round "7"]
[White "Tomovski, Leon"]
[Black "von Gehlen, Elian"]
[Result "1/2-1/2"]
[Termination "normal"]
[Board "11"]
[WhiteElo "1540"]
[BlackElo "1548"]
[WhiteClock "00:32:11"]
[BlackClock "00:16:09"]
[PlyCount "96"]
[WhiteFideId "34691790"]
[BlackFideId "34651560"]
[EventCountry "GER"]
[EventRounds "9"]
[EventType "swiss"]
[EventDate "2025.06.07"]

1. e4 {[%clk 01:30:59]} c6 {[%clk 01:30:40]} {[%emt 00:00:18]} 2. d4 {[%clk
01:31:27]} {[%emt 00:00:04]} d5 {[%clk 01:30:35]} {[%emt 00:00:35]} 3. exd5
{[%clk 01:27:57]} {[%emt 00:04:01]} cxd5 {[%clk 01:28:40]} {[%emt 00:02:22]} 4.
Bd3 {[%clk 01:26:40]} {[%emt 00:01:49]} Nf6 {[%clk 01:27:33]} {[%emt 00:01:35]}
5. Nf3 {[%clk 01:24:36]} {[%emt 00:02:37]} Bg4 {[%clk 01:26:52]} {[%emt
00:01:06]} 6. Bf4 {[%clk 01:22:24]} {[%emt 00:02:46]} Nc6 {[%clk 01:24:59]}
{[%emt 00:02:23]} 7. c3 {[%clk 01:12:52]} {[%emt 00:10:02]} e6 {[%clk
01:22:05]} {[%emt 00:03:24]} 8. h3 {[%clk 01:10:31]} {[%emt 00:02:50]} Bh5
{[%clk 01:16:32]} {[%emt 00:06:04]} 9. O-O {[%clk 01:09:30]} {[%emt 00:01:31]}
Bd6 {[%clk 01:15:33]} {[%emt 00:01:25]} 10. Bxd6 {[%clk 01:09:16]} {[%emt
00:00:48]} Qxd6 {[%clk 01:15:41]} {[%emt 00:00:20]} 11. Nbd2 {[%clk 00:55:48]}
{[%emt 00:14:00]} Rc8 {[%clk 01:13:05]} {[%emt 00:03:05]} 12. Qa4 {[%clk
00:53:13]} {[%emt 00:03:06]} O-O {[%clk 01:09:42]} {[%emt 00:03:55]} 13. Rac1
{[%clk 00:52:20]} {[%emt 00:01:22]} Bg6 {[%clk 01:07:31]} {[%emt 00:02:41]} 14.
Bxg6 {[%clk 00:50:25]} {[%emt 00:02:25]} hxg6 {[%clk 01:07:48]} {[%emt
00:00:12]} 15. Rfe1 {[%clk 00:50:20]} {[%emt 00:00:37]} Nd7 {[%clk 01:06:22]}
{[%emt 00:01:57]} 16. b4 {[%clk 00:48:39]} {[%emt 00:02:11]} a6 {[%clk
00:58:32]} {[%emt 00:08:19]} 17. Nb3 {[%clk 00:47:40]} {[%emt 00:01:30]} Nb6
{[%clk 00:51:42]} {[%emt 00:07:20]} 18. Qa3 {[%clk 00:47:28]} {[%emt 00:00:42]}
Na7 {[%clk 00:49:17]} {[%emt 00:02:53]} 19. Nc5 {[%clk 00:46:23]} {[%emt
00:01:36]} Nc4 {[%clk 00:47:37]} {[%emt 00:02:10]} 20. Qb3 {[%clk 00:43:58]}
{[%emt 00:02:55]} Rc7 {[%clk 00:37:48]} {[%emt 00:10:17]} 21. Ne5 {[%clk
00:41:06]} {[%emt 00:03:24]} Nxe5 {[%clk 00:32:35]} {[%emt 00:05:43]} 22. Rxe5
{[%clk 00:39:07]} {[%emt 00:02:30]} a5 {[%clk 00:32:25]} {[%emt 00:00:40]} 23.
b5 {[%clk 00:39:13]} {[%emt 00:00:25]} Rxc5 {[%clk 00:32:48]} {[%emt 00:00:07]}
24. Qa3 {[%clk 00:38:55]} {[%emt 00:00:47]} Rc6 {[%clk 00:32:29]} {[%emt
00:00:49]} 25. Qxa5 {[%clk 00:39:11]} {[%emt 00:00:15]} Qb8 {[%clk 00:30:45]}
{[%emt 00:02:14]} 26. bxc6 {[%clk 00:39:07]} {[%emt 00:00:34]} Nxc6 {[%clk
00:31:08]} {[%emt 00:00:06]} 27. Qb5 {[%clk 00:38:55]} {[%emt 00:00:42]} Nxe5
{[%clk 00:31:27]} {[%emt 00:00:11]} 28. dxe5 {[%clk 00:39:15]} {[%emt
00:00:11]} Qa7 {[%clk 00:31:10]} {[%emt 00:00:47]} 29. a4 {[%clk 00:39:28]}
{[%emt 00:00:15]} Qa6 {[%clk 00:28:29]} {[%emt 00:03:13]} 30. Rb1 {[%clk
00:36:54]} {[%emt 00:03:04]} Ra8 {[%clk 00:26:23]} {[%emt 00:02:37]} 31. Qxb7
{[%clk 00:35:39]} {[%emt 00:01:45]} Qxa4 {[%clk 00:23:12]} {[%emt 00:03:40]}
32. Qb4 {[%clk 00:35:05]} {[%emt 00:01:03]} Qxb4 {[%clk 00:22:22]} {[%emt
00:01:21]} 33. cxb4 {[%clk 00:35:27]} {[%emt 00:00:09]} Kf8 {[%clk 00:22:43]}
{[%emt 00:00:09]} 34. Kf1 {[%clk 00:35:35]} {[%emt 00:00:22]} Ke7 {[%clk
00:23:01]} {[%emt 00:00:11]} 35. Rb2 {[%clk 00:35:21]} {[%emt 00:00:45]} f6
{[%clk 00:22:50]} {[%emt 00:00:41]} 36. f4 {[%clk 00:35:39]} {[%emt 00:00:11]}
Ra3 {[%clk 00:22:07]} {[%emt 00:01:13]} 37. Kf2 {[%clk 00:35:26]} {[%emt
00:00:42]} Kd7 {[%clk 00:21:47]} {[%emt 00:00:51]} 38. Re2 {[%clk 00:34:32]}
{[%emt 00:01:23]} Rb3 {[%clk 00:21:37]} {[%emt 00:00:41]} 39. Ra2 {[%clk
00:34:56]} {[%emt 00:00:05]} Rxb4 {[%clk 00:21:45]} {[%emt 00:00:21]} 40. Ra7+
{[%clk 00:35:14]} {[%emt 00:00:12]} Kc6 {[%clk 00:22:05]} {[%emt 00:00:10]} 41.
g3 {[%clk 00:34:23]} {[%emt 00:01:21]} Rb7 {[%clk 00:21:25]} {[%emt 00:01:10]}
42. Ra6+ {[%clk 00:34:46]} {[%emt 00:00:07]} Kd7 {[%clk 00:21:38]} {[%emt
00:00:17]} 43. h4 {[%clk 00:34:17]} {[%emt 00:00:59]} Rc7 {[%clk 00:19:40]}
{[%emt 00:02:29]} 44. Kf3 {[%clk 00:33:46]} {[%emt 00:01:00]} Rc4 {[%clk
00:19:27]} {[%emt 00:00:43]} 45. Ra7+ {[%clk 00:33:28]} {[%emt 00:00:49]} Rc7
{[%clk 00:19:13]} {[%emt 00:00:44]} 46. Ra6 {[%clk 00:33:40]} {[%emt 00:00:18]}
Ke7 {[%clk 00:18:51]} {[%emt 00:00:52]} 47. Kg4 {[%clk 00:33:05]} {[%emt
00:01:04]} d4 {[%clk 00:16:09]} {[%emt 00:03:13]} 48. Kf3 {[%clk 00:32:11]}
{[%emt 00:01:24]} Rd7 {[%emt 00:01:54]} 1/2-1/2

[Event "DEM U10 2025"]
[Site "Willingen GER"]
[Date "2025.06.12"]
[Round "7"]
[White "Mettenbrink, Tammo"]
[Black "Durst, Lorenz"]
[Result "1/2-1/2"]
[Termination "normal"]
[Board "12"]
[WhiteElo "1275"]
[BlackElo "1429"]
[WhiteClock "01:00:09"]
[BlackClock "01:32:15"]
[PlyCount "116"]
[WhiteFideId "533043043"]
[BlackFideId "533043493"]
[EventCountry "GER"]
[EventRounds "9"]
[EventType "swiss"]
[EventDate "2025.06.07"]

1. e4 {[%clk 01:30:59]} e5 {[%clk 01:30:54]} {[%emt 00:00:07]} 2. Nf3 {[%clk
01:31:25]} {[%emt 00:00:03]} Nc6 {[%clk 01:31:19]} {[%emt 00:00:04]} 3. Bc4
{[%clk 01:31:49]} {[%emt 00:00:06]} Bc5 {[%clk 01:31:42]} {[%emt 00:00:06]} 4.
b4 {[%clk 01:32:15]} {[%emt 00:00:06]} Bxb4 {[%clk 01:31:05]} {[%emt 00:01:07]}
5. c3 {[%clk 01:32:39]} {[%emt 00:00:05]} Be7 {[%clk 01:31:16]} {[%emt
00:00:18]} 6. d4 {[%clk 01:32:51]} {[%emt 00:00:19]} Bf6 {[%clk 01:30:06]}
{[%emt 00:01:41]} 7. O-O {[%clk 01:32:43]} {[%emt 00:00:37]} Nge7 {[%clk
01:29:52]} {[%emt 00:00:43]} 8. Be3 {[%clk 01:31:08]} {[%emt 00:02:06]} d6
{[%clk 01:27:30]} {[%emt 00:02:52]} 9. Nbd2 {[%clk 01:31:05]} {[%emt 00:00:34]}
O-O {[%clk 01:26:48]} {[%emt 00:01:11]} 10. Nb3 {[%clk 01:31:21]} {[%emt
00:00:14]} Ng6 {[%clk 01:26:37]} {[%emt 00:00:41]} 11. d5 {[%clk 01:30:30]}
{[%emt 00:01:22]} Nb8 {[%clk 01:26:55]} {[%emt 00:00:12]} 12. Bd3 {[%clk
01:30:26]} {[%emt 00:00:34]} Bg4 {[%clk 01:27:01]} {[%emt 00:00:24]} 13. c4
{[%clk 01:30:19]} {[%emt 00:00:38]} b6 {[%clk 01:27:13]} {[%emt 00:00:16]} 14.
h3 {[%clk 01:29:10]} {[%emt 00:01:39]} Bc8 {[%clk 01:27:24]} {[%emt 00:00:20]}
15. Re1 {[%clk 01:26:37]} {[%emt 00:03:03]} Nd7 {[%clk 01:26:25]} {[%emt
00:01:29]} 16. Qc2 {[%clk 01:24:48]} {[%emt 00:02:19]} Nc5 {[%clk 01:26:44]}
{[%emt 00:00:12]} 17. Nxc5 {[%clk 01:25:00]} {[%emt 00:00:17]} bxc5 {[%clk
01:26:45]} {[%emt 00:00:29]} 18. Rab1 {[%clk 01:25:09]} {[%emt 00:00:21]} Bd7
{[%clk 01:27:00]} {[%emt 00:00:14]} 19. Rb2 {[%clk 01:16:03]} {[%emt 00:09:37]}
Nf4 {[%clk 01:27:21]} {[%emt 00:00:09]} 20. Bxf4 {[%clk 01:16:16]} {[%emt
00:00:17]} exf4 {[%clk 01:27:44]} {[%emt 00:00:07]} 21. Rbb1 {[%clk 01:16:12]}
{[%emt 00:00:35]} Qe7 {[%clk 01:27:17]} {[%emt 00:00:56]} 22. Qd2 {[%clk
01:14:28]} {[%emt 00:02:14]} Be5 {[%clk 01:27:11]} {[%emt 00:00:37]} 23. Qa5
{[%clk 01:12:53]} {[%emt 00:02:04]} c6 {[%clk 01:26:34]} {[%emt 00:01:07]} 24.
Rb7 {[%clk 01:11:26]} {[%emt 00:01:57]} cxd5 {[%clk 01:26:41]} {[%emt
00:00:24]} 25. exd5 {[%clk 01:11:43]} {[%emt 00:00:12]} Rab8 {[%clk 01:25:59]}
{[%emt 00:01:12]} 26. Rxa7 {[%clk 01:11:12]} {[%emt 00:01:02]} f6 {[%clk
01:26:03]} {[%emt 00:00:25]} 27. Bf5 {[%clk 01:09:21]} {[%emt 00:02:22]} Rfd8
{[%clk 01:25:23]} {[%emt 00:01:10]} 28. Be6+ {[%clk 01:04:12]} {[%emt
00:05:39]} Kh8 {[%clk 01:25:08]} {[%emt 00:00:45]} 29. Qd2 {[%clk 01:02:14]}
{[%emt 00:02:28]} Qe8 {[%clk 01:25:22]} {[%emt 00:00:16]} 30. Bxd7 {[%clk
01:02:23]} {[%emt 00:00:21]} Rxd7 {[%clk 01:25:40]} {[%emt 00:00:12]} 31. Rxd7
{[%clk 01:02:41]} {[%emt 00:00:11]} Qxd7 {[%clk 01:26:09]} {[%emt 00:00:02]}
32. Qa5 {[%clk 01:01:50]} {[%emt 00:01:21]} h6 {[%clk 01:26:04]} {[%emt
00:00:34]} 33. a4 {[%clk 01:00:38]} {[%emt 00:01:43]} Rb3 {[%clk 01:26:23]}
{[%emt 00:00:10]} 34. Qa8+ {[%clk 01:00:12]} {[%emt 00:00:56]} Kh7 {[%clk
01:26:43]} {[%emt 00:00:10]} 35. Qc6 {[%clk 01:00:11]} {[%emt 00:00:30]} Qxc6
{[%clk 01:26:28]} {[%emt 00:00:46]} 36. dxc6 {[%clk 01:00:33]} {[%emt
00:00:08]} Rb6 {[%clk 01:26:37]} {[%emt 00:00:21]} 37. c7 {[%clk 00:58:46]}
{[%emt 00:02:17]} Rc6 {[%clk 01:26:36]} {[%emt 00:00:31]} 38. Rb1 {[%clk
00:59:04]} {[%emt 00:00:13]} Rxc7 {[%clk 01:26:56]} {[%emt 00:00:09]} 39. Nxe5
{[%clk 00:58:07]} {[%emt 00:01:28]} dxe5 {[%clk 01:27:11]} {[%emt 00:00:14]}
40. a5 {[%clk 00:58:19]} {[%emt 00:00:18]} Kg6 {[%clk 01:27:35]} {[%emt
00:00:07]} 41. Rb5 {[%clk 00:58:35]} {[%emt 00:00:13]} Kf5 {[%clk 01:27:52]}
{[%emt 00:00:13]} 42. a6 {[%clk 00:58:58]} {[%emt 00:00:08]} Ra7 {[%clk
01:28:16]} {[%emt 00:00:05]} 43. Rxc5 {[%clk 00:59:13]} {[%emt 00:00:15]} Rxa6
{[%clk 01:28:40]} {[%emt 00:00:07]} 44. Rc7 {[%clk 00:59:34]} {[%emt 00:00:08]}
g5 {[%clk 01:28:52]} {[%emt 00:00:18]} 45. c5 {[%clk 00:59:48]} {[%emt
00:00:17]} h5 {[%clk 01:29:12]} {[%emt 00:00:10]} 46. c6 {[%clk 01:00:02]}
{[%emt 00:00:16]} Ke6 {[%clk 01:29:37]} {[%emt 00:00:06]} 47. Rh7 {[%clk
01:00:21]} {[%emt 00:00:10]} h4 {[%clk 01:29:58]} {[%emt 00:00:08]} 48. c7
{[%clk 01:00:41]} {[%emt 00:00:12]} Rc6 {[%clk 01:30:20]} {[%emt 00:00:08]} 49.
Kf1 {[%clk 01:00:53]} {[%emt 00:00:18]} Kd6 {[%clk 01:30:41]} {[%emt 00:00:09]}
50. Rf7 {[%clk 01:01:12]} {[%emt 00:00:11]} Ke6 {[%clk 01:30:52]} {[%emt
00:00:19]} 51. Rh7 {[%clk 01:01:35]} {[%emt 00:00:06]} Rc2 {[%clk 01:31:17]}
{[%emt 00:00:05]} 52. Ke1 {[%clk 01:01:55]} {[%emt 00:00:11]} Rc6 {[%clk
01:31:34]} {[%emt 00:00:13]} 53. Ke2 {[%clk 01:02:10]} {[%emt 00:00:15]} Kd5
{[%clk 01:31:39]} {[%emt 00:00:25]} 54. Rd7+ {[%clk 01:01:50]} {[%emt
00:00:50]} Ke4 {[%clk 01:31:48]} {[%emt 00:00:20]} 55. f3+ {[%clk 01:01:36]}
{[%emt 00:00:45]} Kf5 {[%clk 01:32:05]} {[%emt 00:00:13]} 56. Kd3 {[%clk
01:00:55]} {[%emt 00:01:11]} Kg6 {[%clk 01:32:04]} {[%emt 00:00:30]} 57. Ke4
{[%clk 01:00:49]} {[%emt 00:00:37]} Rc1 {[%clk 01:32:10]} {[%emt 00:00:24]} 58.
Kd5 {[%clk 01:00:09]} {[%emt 00:01:10]} Kf5 {[%clk 01:32:15]} {[%emt 00:00:25]}
1/2-1/2

[Event "DEM U10 2025"]
[Site "Willingen GER"]
[Date "2025.06.12"]
[Round "7"]
[White "Grimm, Jakob"]
[Black "Taube, Moritz"]
[Result "0-1"]
[Termination "normal"]
[Board "13"]
[WhiteElo "1698"]
[BlackElo "1246"]
[WhiteClock "00:31:24"]
[BlackClock "00:36:11"]
[PlyCount "68"]
[WhiteFideId "34635645"]
[BlackFideId "34696830"]
[EventCountry "GER"]
[EventRounds "9"]
[EventType "swiss"]
[EventDate "2025.06.07"]

1. e4 {[%clk 01:30:53]} {[%emt 00:00:06]} e5 {[%clk 01:30:53]} {[%emt
00:00:07]} 2. Nf3 {[%clk 01:31:19]} {[%emt 00:00:04]} Nc6 {[%clk 01:31:18]}
{[%emt 00:00:06]} 3. Bb5 {[%clk 01:31:30]} {[%emt 00:00:19]} a6 {[%clk
01:31:35]} {[%emt 00:00:13]} 4. Ba4 {[%clk 01:31:52]} {[%emt 00:00:08]} b5
{[%clk 01:31:52]} {[%emt 00:00:13]} 5. Bb3 {[%clk 01:32:20]} {[%emt 00:00:02]}
Nf6 {[%clk 01:32:09]} {[%emt 00:00:13]} 6. d3 {[%clk 01:32:45]} {[%emt
00:00:05]} Bc5 {[%clk 01:32:21]} {[%emt 00:00:18]} 7. O-O {[%clk 01:33:07]}
{[%emt 00:00:08]} d6 {[%clk 01:32:32]} {[%emt 00:00:19]} 8. Nc3 {[%clk
01:33:29]} {[%emt 00:00:08]} Bg4 {[%clk 01:31:44]} {[%emt 00:01:16]} 9. Be3
{[%clk 01:33:22]} {[%emt 00:00:39]} Ne7 {[%clk 01:29:55]} {[%emt 00:02:19]} 10.
Bg5 {[%clk 01:31:54]} {[%emt 00:01:58]} h6 {[%clk 01:28:02]} {[%emt 00:02:22]}
11. Bxf6 {[%clk 01:30:39]} {[%emt 00:01:46]} gxf6 {[%clk 01:28:09]} {[%emt
00:00:23]} 12. Nd5 {[%clk 01:31:05]} {[%emt 00:00:05]} Nxd5 {[%clk 01:26:30]}
{[%emt 00:02:08]} 13. Bxd5 {[%clk 01:31:30]} {[%emt 00:00:06]} Rb8 {[%clk
01:26:19]} {[%emt 00:00:40]} 14. Bc6+ {[%clk 01:31:24]} {[%emt 00:00:37]} Ke7
{[%clk 01:26:20]} {[%emt 00:00:28]} 15. h3 {[%emt 00:00:20]} h5 {[%clk
01:14:01]} {[%emt 00:12:48]} 16. Re1 {[%clk 01:22:00]} {[%emt 00:10:05]} Qg8
{[%clk 01:09:22]} {[%emt 00:05:08]} 17. Kf1 {[%clk 01:18:08]} {[%emt 00:04:22]}
Qg7 {[%clk 01:03:33]} {[%emt 00:06:19]} 18. hxg4 {[%clk 01:05:19]} {[%emt
00:13:20]} hxg4 {[%clk 01:02:51]} {[%emt 00:01:12]} 19. Ke2 {[%clk 00:45:29]}
{[%emt 00:20:20]} gxf3+ {[%clk 00:59:33]} {[%emt 00:03:45]} 20. gxf3 {[%clk
00:45:28]} {[%emt 00:00:33]} Qg2 {[%clk 00:59:13]} {[%emt 00:00:49]} 21. Rf1
{[%clk 00:45:47]} {[%emt 00:00:12]} Rh2 {[%clk 00:58:56]} {[%emt 00:00:47]} 22.
Qe1 {[%clk 00:44:54]} {[%emt 00:01:23]} Rh3 {[%clk 00:58:53]} {[%emt 00:00:33]}
23. Kd2 {[%clk 00:45:11]} {[%emt 00:00:13]} Qxf3 {[%clk 00:58:14]} {[%emt
00:01:07]} 24. Qe2 {[%clk 00:45:08]} {[%emt 00:00:34]} Qf4+ {[%clk 00:57:44]}
{[%emt 00:00:59]} 25. Kc3 {[%clk 00:44:16]} {[%emt 00:01:24]} a5 {[%clk
00:53:40]} {[%emt 00:04:34]} 26. Rh1 {[%clk 00:43:27]} {[%emt 00:01:18]} Rxh1
{[%clk 00:52:27]} {[%emt 00:01:42]} 27. Rxh1 {[%clk 00:43:51]} Rb6 {[%clk
00:52:13]} {[%emt 00:00:52]} 28. Bd5 {[%clk 00:40:36]} {[%emt 00:03:45]} c6
{[%clk 00:49:10]} {[%emt 00:03:33]} 29. Bxf7 {[%clk 00:38:38]} {[%emt
00:02:28]} Rb7 {[%clk 00:43:50]} {[%emt 00:05:50]} 30. Qh5 {[%clk 00:33:00]}
{[%emt 00:06:07]} Qxf2 {[%clk 00:37:56]} {[%emt 00:06:23]} 31. Qh8 {[%clk
00:31:31]} {[%emt 00:02:00]} Bb4+ {[%clk 00:35:48]} {[%emt 00:02:39]} 32. Kb3
{[%clk 00:30:32]} {[%emt 00:01:29]} a4+ {[%clk 00:36:05]} {[%emt 00:00:13]} 33.
Kxb4 {[%clk 00:30:59]} {[%emt 00:00:04]} Qc5+ {[%clk 00:36:19]} {[%emt
00:00:16]} 34. Ka5 {[%clk 00:31:24]} {[%emt 00:00:05]} Ra7# {[%clk 00:36:11]}
{[%emt 00:00:06]} 0-1

[Event "DEM U10 2025"]
[Site "Willingen GER"]
[Date "2025.06.12"]
[Round "7"]
[White "Stopp, Bruno"]
[Black "Fendel, Arsenij"]
[Result "1-0"]
[Termination "normal"]
[Board "14"]
[WhiteElo "1519"]
[BlackElo "1279"]
[WhiteClock "00:20:30"]
[BlackClock "00:37:58"]
[PlyCount "111"]
[WhiteFideId "34640347"]
[BlackFideId "533009635"]
[EventCountry "GER"]
[EventRounds "9"]
[EventType "swiss"]
[EventDate "2025.06.07"]

1. e4 {[%clk 01:30:56]} {[%emt 00:00:04]} Nc6 {[%clk 01:30:36]} {[%emt
00:00:24]} 2. d4 {[%clk 01:30:38]} {[%emt 00:00:48]} d5 {[%clk 01:27:32]}
{[%emt 00:03:34]} 3. exd5 {[%clk 01:28:37]} {[%emt 00:02:31]} Qxd5 {[%clk
01:27:49]} {[%emt 00:00:12]} 4. Nf3 {[%clk 01:28:57]} {[%emt 00:00:11]} Bg4
{[%clk 01:27:31]} {[%emt 00:00:48]} 5. Nc3 {[%clk 01:28:19]} {[%emt 00:01:08]}
Qh5 {[%clk 01:26:43]} {[%emt 00:01:17]} 6. Be2 {[%clk 01:28:22]} {[%emt
00:00:27]} Nf6 {[%clk 01:24:27]} {[%emt 00:02:47]} 7. h3 {[%clk 01:28:29]}
{[%emt 00:00:23]} O-O-O {[%clk 01:17:47]} {[%emt 00:07:10]} 8. O-O {[%clk
01:27:42]} {[%emt 00:01:17]} Nxd4 {[%clk 01:17:00]} {[%emt 00:01:16]} 9. Nxd4
{[%clk 01:19:37]} {[%emt 00:08:36]} Bxe2 {[%clk 01:15:37]} {[%emt 00:01:52]}
10. Ncxe2 {[%clk 01:16:44]} {[%emt 00:03:23]} e5 {[%clk 01:13:07]} {[%emt
00:03:00]} 11. c3 {[%clk 01:16:38]} {[%emt 00:00:37]} exd4 {[%clk 01:13:09]}
{[%emt 00:00:28]} 12. cxd4 {[%clk 01:16:56]} {[%emt 00:00:11]} Bd6 {[%clk
01:12:37]} {[%emt 00:01:00]} 13. Bd2 {[%clk 01:14:00]} {[%emt 00:03:28]} Rhe8
{[%clk 01:11:25]} {[%emt 00:01:42]} 14. Re1 {[%clk 01:13:29]} {[%emt 00:01:03]}
Qh4 {[%clk 01:05:54]} {[%emt 00:06:00]} 15. Qa4 {[%clk 01:12:21]} {[%emt
00:01:38]} a6 {[%clk 01:04:56]} {[%emt 00:01:27]} 16. Rac1 {[%clk 01:12:25]}
{[%emt 00:00:27]} g5 {[%clk 01:05:07]} {[%emt 00:00:19]} 17. Qa5 {[%clk
01:04:53]} {[%emt 00:08:02]} g4 {[%clk 01:03:52]} {[%emt 00:01:45]} 18. Bg5
{[%clk 01:04:34]} {[%emt 00:00:49]} Qh5 {[%clk 01:03:28]} {[%emt 00:00:50]} 19.
Qf5+ {[%clk 01:04:32]} {[%emt 00:00:37]} Nd7 {[%clk 01:03:03]} {[%emt
00:00:54]} 20. Nf4 {[%clk 01:03:52]} {[%emt 00:01:09]} Rxe1+ {[%clk 01:03:14]}
{[%emt 00:00:19]} 21. Rxe1 {[%clk 01:04:17]} {[%emt 00:00:06]} Bxf4 {[%emt
00:00:26]} 22. Qxf4 {[%clk 01:04:33]} f6 {[%clk 01:02:34]} {[%emt 00:01:29]}
23. Bxf6 {[%clk 00:32:29]} {[%emt 00:32:33]} Rf8 {[%clk 00:58:05]} {[%emt
00:04:59]} 24. hxg4 {[%clk 00:32:53]} {[%emt 00:00:06]} Qa5 {[%clk 00:56:50]}
{[%emt 00:01:44]} 25. b4 {[%clk 00:28:25]} {[%emt 00:04:58]} Qxb4 {[%clk
00:56:24]} {[%emt 00:00:55]} 26. Rc1 {[%clk 00:28:45]} {[%emt 00:00:10]} Qb6
{[%clk 00:54:51]} {[%emt 00:02:03]} 27. g5 {[%clk 00:28:58]} {[%emt 00:00:18]}
h6 {[%clk 00:52:59]} {[%emt 00:01:40]} 28. Qg3 {[%clk 00:20:23]} {[%emt
00:09:47]} Nxf6 {[%clk 00:47:13]} {[%emt 00:06:14]} 29. gxf6 {[%clk 00:18:45]}
{[%emt 00:02:10]} Rxf6 {[%clk 00:47:29]} {[%emt 00:00:14]} 30. Qg8+ {[%clk
00:19:07]} {[%emt 00:00:08]} Kd7 {[%clk 00:47:24]} {[%emt 00:00:35]} 31. Re1
{[%clk 00:14:11]} {[%emt 00:05:25]} Kc6 {[%clk 00:33:32]} {[%emt 00:14:22]} 32.
Qe8+ {[%clk 00:12:31]} {[%emt 00:02:10]} Kd5 {[%clk 00:31:34]} {[%emt
00:02:29]} 33. Qe5+ {[%clk 00:12:52]} {[%emt 00:00:10]} Kc4 {[%clk 00:31:39]}
{[%emt 00:00:24]} 34. Rc1+ {[%clk 00:13:16]} {[%emt 00:00:06]} Kb4 {[%clk
00:31:40]} {[%emt 00:01:39]} 35. Rb1+ {[%clk 00:13:35]} {[%emt 00:00:13]} Ka4
{[%clk 00:31:54]} {[%emt 00:00:13]} 36. Rxb6 {[%clk 00:13:54]} {[%emt
00:00:12]} Rxb6 {[%clk 00:32:16]} {[%emt 00:00:08]} 37. Qxc7 {[%clk 00:14:17]}
{[%emt 00:00:07]} Rb5 {[%clk 00:32:32]} {[%emt 00:00:14]} 38. Qc4+ {[%clk
00:14:01]} {[%emt 00:00:47]} Ka5 {[%clk 00:32:38]} {[%emt 00:00:24]} 39. d5
{[%clk 00:14:24]} {[%emt 00:00:06]} Kb6 {[%clk 00:32:52]} {[%emt 00:00:16]} 40.
d6 {[%clk 00:14:48]} {[%emt 00:00:06]} Rc5 {[%clk 00:32:56]} {[%emt 00:00:24]}
41. Qxc5+ {[%clk 00:15:09]} {[%emt 00:00:12]} Kxc5 {[%clk 00:33:18]} {[%emt
00:00:08]} 42. d7 {[%clk 00:15:35]} {[%emt 00:00:04]} b5 {[%clk 00:33:34]}
{[%emt 00:00:14]} 43. d8=Q {[%clk 00:15:57]} {[%emt 00:00:07]} b4 {[%clk
00:33:47]} {[%emt 00:00:17]} 44. Qa5+ {[%clk 00:16:18]} {[%emt 00:00:09]} Kc4
{[%clk 00:34:08]} {[%emt 00:00:10]} 45. Qxa6+ {[%clk 00:16:41]} {[%emt
00:00:06]} Kc3 {[%clk 00:34:30]} {[%emt 00:00:08]} 46. Qxh6 {[%clk 00:17:02]}
{[%emt 00:00:09]} b3 {[%clk 00:34:55]} {[%emt 00:00:06]} 47. axb3 {[%clk
00:17:21]} {[%emt 00:00:11]} Kxb3 {[%clk 00:35:20]} {[%emt 00:00:05]} 48. Qc6
{[%clk 00:17:43]} {[%emt 00:00:07]} Kb4 {[%clk 00:35:41]} {[%emt 00:00:09]} 49.
f4 {[%clk 00:18:03]} {[%emt 00:00:10]} Kb3 {[%clk 00:35:54]} {[%emt 00:00:17]}
50. Kf2 {[%clk 00:18:24]} {[%emt 00:00:09]} Kb4 {[%clk 00:36:17]} {[%emt
00:00:08]} 51. Ke3 {[%clk 00:18:47]} {[%emt 00:00:06]} Kb3 {[%clk 00:36:41]}
{[%emt 00:00:06]} 52. Kd3 {[%clk 00:19:02]} {[%emt 00:00:16]} Kb4 {[%clk
00:36:54]} {[%emt 00:00:17]} 53. Qc4+ {[%clk 00:19:25]} {[%emt 00:00:06]} Ka3
{[%clk 00:37:17]} {[%emt 00:00:07]} 54. Qb5 {[%clk 00:19:49]} {[%emt 00:00:07]}
Ka2 {[%clk 00:37:37]} {[%emt 00:00:10]} 55. Kc2 {[%clk 00:20:11]} {[%emt
00:00:07]} Ka1 {[%clk 00:37:58]} {[%emt 00:00:09]} 56. Qb2# {[%clk 00:20:30]}
{[%emt 00:00:11]} 1-0